| 000 | 00780nam a22002777a 4500 | ||
|---|---|---|---|
| 003 | CHAP | ||
| 005 | 20220329135640.0 | ||
| 008 | 971013s1967 r 00010 d | ||
| 010 | _a39896 | ||
| 011 | _a40868 | ||
| 035 | _a44994 | ||
| 040 | _cCHAP | ||
| 090 | _aFolleto 2051 | ||
| 110 |
_aE.U.A. Department of Health, Education and Welfare _934907 |
||
| 245 | _aQuantity food preparation ; a suggested guide | ||
| 260 |
_aWashington : _bThe Department, _c1967 |
||
| 300 | _a39 p. | ||
| 490 | _aOE-82015 | ||
| 590 |
_aBATCH-UPD _b10 _c20130110 _lUCH01 _h1818 |
||
| 590 |
_aCONVERSION _b10 _c20130109 _lUCH01 _h1322 |
||
| 650 | 1 | 4 |
_aAlimentos. _94114 |
| 830 | 0 |
_aOE-82015 _982743 |
|
| 901 | _aBK | ||
| 942 | _cFOLL | ||
| 949 |
_aFolleto 2051 _bBC _cFOLL _d-103034 _eTS1 _i44994 _si |
||
| 999 |
_c39896 _d39896 |
||